| 000 | 00383nam a2200133 a 4500 | ||
|---|---|---|---|
| 001 | 000030169 | ||
| 005 | 20200930060112.0 | ||
| 008 | 110503s19uu dr ac 000 0 spa d | ||
| 040 |
_aDO-SdBNP _bspa _cBNPHU |
||
| 100 | 1 |
_aVarona, G. _956881 |
|
| 245 | 1 | 0 |
_aDialogo entre esposos / _cG. Varona. |
| 260 |
_a[Santo Domingo] _a[s.n.] _a[19-?]. |
||
| 300 |
_a[34 p.] ; : _bils., retrs. ; _c26 cm. |
||
| 999 |
_c29661 _d29661 |
||